| 000 | 00712nam a22001937a 4500 | ||
|---|---|---|---|
| 003 | NUST - PNEC | ||
| 005 | 20170116180805.0 | ||
| 008 | 150422b xxu||||| |||| 00| 0 eng d | ||
| 020 | _a- | ||
| 040 | _cLIBRARY | ||
| 082 | _a330.91724 HAQ | ||
| 100 |
_92925 _aHaq Mahbub ul |
||
| 245 |
_aThe poverty curtain : choices for the third world _cMahbub ul Haq |
||
| 260 |
_aNew York : _bColumbia University Press, _cc1976. |
||
| 300 | _a247 p. : | ||
| 650 |
_92926 _aDeveloping countries _xGeneral |
||
| 856 | _uhttp://www.amazon.com/poverty-curtain-choices-third-world/dp/B007EUIP0Q/ref=sr_1_2?s=books&ie=UTF8&qid=1429684796&sr=1-2&keywords=The+poverty+curtain+%3A+choices+for+the+third+world | ||
| 942 |
_2ddc _cBK |
||
| 999 |
_c63168 _d63168 |
||